Потери в зацеплении и КПД передач с шариковыми промежуточными телами; Динамика и долговечность машин; Ч. 1

Opis bibliograficzny
Parent link:Динамика и долговечность машин: сборник трудов научно-технической конференции, посвященной 70-летию механического факультета Томского политехнического института/ Томский политехнический институт (ТПИ).— , 1970
Ч. 1.— 1970.— С. 133-138
Kolejni autorzy: Беляев А. Е. Арнольд Ефроимович, Ан И-Кан, Гурин В. В. Владимир Васильевич, Гаранин Л. Д.
Język:rosyjski
Wydane: 1970
Hasła przedmiotowe:
Format: Rozdział
KOHA link:https://koha.lib.tpu.ru/cgi-bin/koha/opac-detail.pl?biblionumber=215226

MARC

LEADER 00000naa2a2200000 4500
001 215226
005 20231031193805.0
035 |a (RuTPU)RU\TPU\book\235127 
035 |a RU\TPU\book\235126 
090 |a 215226 
100 |a 20120505a1970 k y0rusy50 ca 
101 0 |a rus 
102 |a RU 
200 1 |a Потери в зацеплении и КПД передач с шариковыми промежуточными телами  |f А. Е. Беляев [и др.] 
461 0 |0 (RuTPU)RU\TPU\book\214576  |t Динамика и долговечность машин  |o сборник трудов научно-технической конференции, посвященной 70-летию механического факультета Томского политехнического института  |f Томский политехнический институт (ТПИ)  |d 1970 
463 0 |0 (RuTPU)RU\TPU\book\234890  |t Ч. 1  |v С. 133-138  |d 1970  |p 176 с. 
610 1 |a труды учёных ТПУ 
701 1 |a Беляев  |b А. Е.  |c специалист в области машиностроения  |c доктор технических наук, профессор Томского политехнического университета  |f 1933-  |g Арнольд Ефроимович  |2 stltpush  |3 (RuTPU)RU\TPU\pers\9221 
701 0 |a Ан И-Кан  |c специалист в области теоретической и прикладной механики  |c профессор Томского политехнического университета, доктор технических наук  |2 stltpush  |3 (RuTPU)RU\TPU\pers\29480  |4 070 
701 1 |a Гурин  |b В. В.  |c специалист в области машиностроения  |c доцент Томского политехнического университета, кандидат технических наук  |f 1948-  |g Владимир Васильевич  |2 stltpush  |3 (RuTPU)RU\TPU\pers\25885  |4 070 
701 1 |a Гаранин  |b Л. Д. 
801 1 |a RU  |b 63413507  |c 20040318  |g PSBO 
801 2 |a RU  |b 63413507  |c 20170614  |g PSBO 
942 |c BK